| 000 -LEADER |
| fixed length control field |
00365nam a2200145Ia 4500 |
| 008 - FIXED-LENGTH DATA ELEMENTS--GENERAL INFORMATION |
| fixed length control field |
211202s9999||||xx |||||||||||||| ||und|| |
| 020 ## - INTERNATIONAL STANDARD BOOK NUMBER |
| International Standard Book Number |
9.7893863486e+012 |
| 082 ## - DEWEY DECIMAL CLASSIFICATION NUMBER |
| Classification number |
302 |
| Item number |
Shr/B |
| 100 ## - MAIN ENTRY--PERSONAL NAME |
| Personal name |
Shrivastava Amitabh |
| 245 #0 - TITLE STATEMENT |
| Title |
Bharat Main Jansanchar |
| 250 ## - EDITION STATEMENT |
| Edition statement |
3rd Edition |
| 260 ## - PUBLICATION, DISTRIBUTION, ETC. |
| Place of publication, distribution, etc. |
Mumbai |
| Name of publisher, distributor, etc. |
Jaico Publishing House |
| Date of publication, distribution, etc. |
2019 |
| 300 ## - PHYSICAL DESCRIPTION |
| Extent |
518p |
| 942 ## - ADDED ENTRY ELEMENTS (KOHA) |
| Koha item type |
Book |